[Event "Eger Agria op 41th"]
[Site "Eger"]
[Date "2017.07.21"]
[Round "7"]
[White "Biro, Mate"]
[Black "Herczeg, Marcell"]
[Result "1/2-1/2"]
[WhiteElo "1514"]
[BlackElo "1089"]
[PlyCount "99"]
[EventDate "2017.07.17"]
[EventType "swiss"]
[EventRounds "9"]
[EventCountry "HUN"]
[SourceTitle "EXT 2020"]
[Source "ChessBase"]
[SourceDate "2019.10.17"]
[SourceVersion "1"]
[SourceVersionDate "2019.10.17"]
[SourceQuality "1"]

1. e4 e6 2. d4 d5 3. e5 c5 4. c3 Nc6 5. Nf3 a6 6. Be2 Nh6 7. Bxh6 gxh6 8. 0-0 Qb6 9. Qd2 Bg7 10. Na3 0-0 11. Nc2 Bd7 12. Ne3 f5 13. Rfd1 c4 14. Rab1 Qc7 15. b3 b5 16. bxc4 bxc4 17. Rb2 Rab8 18. Rdb1 Rfe8 19. Bd1 Na5 20. Rb4 Bf8 21. Rxb8 Rxb8 22. Qc1 Rb5 23. Rxb5 axb5 24. Nc2 Nc6 25. Qb2 Qa5 26. a3 Be7 27. Nb4 Nxb4 28. axb4 Qa6 29. Qc1 Qa2 30. Qxh6 Qb1 31. Qd2 Bf8 32. Qc2 Qxc2 33. Bxc2 Bh6 34. Kf1 Kf7 35. Ke2 Ke7 36. Ng1 Be8 37. Nh3 Bh5+ 38. f3 Kf7 39. Nf2 Kg7 40. g4 Bg6 41. h4 fxg4 42. Bxg6 gxf3+ 43. Kxf3 Kxg6 44. Kg4 Bd2 45. Nd1 h5+ 46. Kf3 Kf5 47. Ke2 Bh6 48. Kf3 Bd2 49. Ke2 Bh6 50. Kf3 1/2-1/2

[Event "Eger Agria op 41th"]
[Site "Eger"]
[Date "2017.07.20"]
[Round "6"]
[White "Schmidt, Gabor"]
[Black "Biro, Mate"]
[Result "1-0"]
[WhiteElo "1724"]
[BlackElo "1514"]
[PlyCount "61"]
[EventDate "2017.07.17"]
[EventType "swiss"]
[EventRounds "9"]
[EventCountry "HUN"]
[SourceTitle "EXT 2020"]
[Source "ChessBase"]
[SourceDate "2019.10.17"]
[SourceVersion "1"]
[SourceVersionDate "2019.10.17"]
[SourceQuality "1"]

1. d4 d5 2. c4 e6 3. Bf4 Nf6 4. e3 Nbd7 5. Nf3 Be7 6. Nc3 c6 7. a3 0-0 8. Rc1 b6 9. Bd3 Bb7 10. 0-0 Rc8 11. b4 c5 12. cxd5 Nxd5 13. Nxd5 Bxd5 14. Ba6 Rc6 15. Bb7 Bxf3 16. Qxf3 Rc7 17. Bxc7 Qxc7 18. Be4 Rc8 19. Bb7 Rb8 20. Ba6 Qd6 21. Be2 Rc8 22. Rfd1 Qc7 23. Qe4 c4 24. d5 Ne5 25. f4 Ng6 26. Rxc4 Qb7 27. dxe6 Qxe4 28. exf7+ Kxf7 29. Rxe4 Rc3 30. Bh5 Rc7 31. f5 1-0

[Event "Eger Agria op 41th"]
[Site "Eger"]
[Date "2017.07.17"]
[Round "1"]
[White "Kaposztas, Miklos"]
[Black "Biro, Mate"]
[Result "1-0"]
[WhiteElo "2050"]
[BlackElo "1514"]
[PlyCount "85"]
[EventDate "2017.07.17"]
[EventType "swiss"]
[EventRounds "9"]
[EventCountry "HUN"]
[SourceTitle "EXT 2020"]
[Source "ChessBase"]
[SourceDate "2019.10.17"]
[SourceVersion "1"]
[SourceVersionDate "2019.10.17"]
[SourceQuality "1"]

1. c4 e5 2. g3 Nf6 3. Bg2 g6 4. Nc3 Bg7 5. e3 0-0 6. Nge2 d6 7. d4 Nbd7 8. 0-0 Nb6 9. b3 c6 10. Ba3 Re8 11. Qc2 exd4 12. Nxd4 Qc7 13. Rfd1 Be6 14. Nxe6 Rxe6 15. Bh3 Ree8 16. Bxd6 Qd8 17. Rac1 Nbd7 18. Bf4 Qe7 19. Bd6 Qd8 20. Rd2 Qa5 21. b4 Qh5 22. Bg2 Rad8 23. h3 Ne5 24. Bxe5 Qxe5 25. b5 Rxd2 26. Qxd2 Qe6 27. bxc6 bxc6 28. Ne2 Ne4 29. Qd3 Nc5 30. Qa3 Qd6 31. Qxa7 Rd8 32. Qa5 Ne6 33. Nf4 Nxf4 34. gxf4 Qd2 35. Qxd2 Rxd2 36. a4 c5 37. Bc6 Kf8 38. Rb1 Rd6 39. Rb8+ Ke7 40. Re8+ Kf6 41. Bb5 Rd1+ 42. Kg2 Ra1 43. Rc8 1-0

[Event "HUN-chT2 Erkel 1617"]
[Site "Hungary"]
[Date "2017.03.12"]
[Round "10.12"]
[White "Toth, Nikoletta"]
[Black "Biro, Mate"]
[Result "1-0"]
[WhiteElo "1659"]
[BlackElo "1494"]
[PlyCount "67"]
[EventDate "2016.09.25"]
[EventType "team-tourn"]
[EventRounds "11"]
[EventCountry "HUN"]
[SourceTitle "EXT 2021"]
[Source "ChessBase"]
[SourceDate "2020.10.23"]
[SourceVersion "1"]
[SourceVersionDate "2020.10.23"]
[SourceQuality "1"]
[WhiteTeam "Sarkany DSE"]
[BlackTeam "Salgotarjan"]
[WhiteTeamCountry "HUN"]
[BlackTeamCountry "HUN"]

1. c4 e5 2. g3 Nf6 3. Bg2 g6 4. Nc3 Bg7 5. d3 d6 6. e4 0-0 7. Nge2 Nc6 8. h3 Be6 9. 0-0 Qd7 10. Kh2 Rad8 11. Nd5 Bxd5 12. exd5 Ne7 13. Rb1 Rc8 14. Be3 a6 15. a4 c6 16. dxc6 bxc6 17. b4 d5 18. Qb3 Rb8 19. Qa2 Rfd8 20. b5 cxb5 21. cxb5 axb5 22. a5 Ra8 23. Bb6 Rdc8 24. Qb3 Qc6 25. Rfc1 Qd7 26. Qxb5 Qxb5 27. Rxb5 Rxc1 28. Nxc1 Nd7 29. Nb3 Nxb6 30. axb6 Rb8 31. Nc5 Nc8 32. b7 Nd6 33. Rb6 Bf8 34. Bxd5 1-0

[Event "HUN-chT2 Erkel 1617"]
[Site "Hungary"]
[Date "2017.01.29"]
[Round "7.12"]
[White "Bartuszek, Andras"]
[Black "Biro, Mate"]
[Result "1/2-1/2"]
[WhiteElo "1760"]
[BlackElo "1494"]
[PlyCount "76"]
[EventDate "2016.09.25"]
[EventType "team-tourn"]
[EventRounds "11"]
[EventCountry "HUN"]
[SourceTitle "EXT 2021"]
[Source "ChessBase"]
[SourceDate "2020.10.23"]
[SourceVersion "1"]
[SourceVersionDate "2020.10.23"]
[SourceQuality "1"]
[WhiteTeam "Budapest Kobanya II"]
[BlackTeam "Salgotarjan"]
[WhiteTeamCountry "HUN"]
[BlackTeamCountry "HUN"]

1. e4 e6 2. d4 d5 3. Nd2 dxe4 4. Nxe4 Bd7 5. Be2 Bc6 6. Bf3 Nd7 7. Be3 Be7 8. Ne2 Bxe4 9. Bxe4 c6 10. 0-0 Ngf6 11. Bd3 0-0 12. Ng3 Qb6 13. b3 Nd5 14. c4 Nxe3 15. fxe3 c5 16. Qh5 g6 17. Qh6 f5 18. d5 exd5 19. cxd5 Rad8 20. d6 Qxd6 21. Bc4+ Kh8 22. Rad1 Qe5 23. Rd5 Qg7 24. Qf4 Nf6 25. Rxd8 Rxd8 26. Qc7 Rd2 27. Qxb7 Rxa2 28. Rd1 Bf8 29. Qc6 Qe7 30. Be6 Rc2 31. Qc8 Kg7 32. h3 Rc3 33. e4 Rxg3 34. e5 Re3 35. exf6+ Qxf6 36. Bc4 Bd6 37. Qd7+ Be7 38. Qxa7 Re4 1/2-1/2

[Event "Eger Agria op 40th"]
[Site "Eger"]
[Date "2016.07.21"]
[Round "6"]
[White "Biro, Mate"]
[Black "Czajner, Gabor"]
[Result "0-1"]
[WhiteElo "1507"]
[BlackElo "1826"]
[PlyCount "48"]
[EventDate "2016.07.18"]
[EventType "swiss"]
[EventRounds "8"]
[EventCountry "HUN"]
[SourceTitle "EXT 2020"]
[Source "ChessBase"]
[SourceDate "2019.10.17"]
[SourceVersion "1"]
[SourceVersionDate "2019.10.17"]
[SourceQuality "1"]

1. e4 d5 2. exd5 Qxd5 3. Nc3 Qd6 4. Nf3 Nf6 5. Bc4 a6 6. h3 b5 7. Be2 Nbd7 8. d4 e6 9. 0-0 Bb7 10. Be3 Be7 11. Qd2 0-0 12. Bf4 Qb6 13. Qd3 Rfd8 14. Rad1 c5 15. dxc5 Nxc5 16. Qe3 b4 17. Nb1 Nd5 18. Qc1 Rac8 19. Be3 Qa5 20. a3 Nb3 21. axb4 Nxc1 22. bxa5 Nxe2+ 23. Kh1 Nxe3 24. Rxd8+ Bxd8 0-1

[Event "Eger Agria op 40th"]
[Site "Eger"]
[Date "2016.07.20"]
[Round "4"]
[White "Biro, Mate"]
[Black "Klenoczky, Daniel"]
[Result "1/2-1/2"]
[WhiteElo "1507"]
[BlackElo "1669"]
[PlyCount "84"]
[EventDate "2016.07.18"]
[EventType "swiss"]
[EventRounds "8"]
[EventCountry "HUN"]
[SourceTitle "EXT 2020"]
[Source "ChessBase"]
[SourceDate "2019.10.17"]
[SourceVersion "1"]
[SourceVersionDate "2019.10.17"]
[SourceQuality "1"]

1. e4 e5 2. Nf3 Nc6 3. Bc4 Nf6 4. d4 exd4 5. 0-0 Bc5 6. e5 d5 7. exf6 dxc4 8. Re1+ Be6 9. Ng5 Qd5 10. Nc3 Qf5 11. Nce4 Bb6 12. Nxe6 fxe6 13. fxg7 Rg8 14. Ng5 e5 15. Qh5+ Qg6 16. Qxh7 Qxh7 17. Nxh7 Rxg7 18. Nf6+ Kf7 19. Nd7 Ke6 20. Nxb6 axb6 21. Bd2 Kd5 22. c3 d3 23. Re3 Re7 24. f3 Re6 25. Re4 Nb8 26. a3 Nd7 27. Bg5 Rg8 28. h4 Nc5 29. Ree1 e4 30. fxe4+ Rxe4 31. Rxe4 Nxe4 32. Be3 Rh8 33. Bf4 c5 34. g3 Re8 35. Kf1 Nf6 36. Re1 Ne4 37. Kg2 b5 38. Kf3 Ng5+ 39. Kf2 Nh3+ 40. Kf1 Rxe1+ 41. Kxe1 Ke4 42. Bd6 Kd5 1/2-1/2

[Event "IECG OP.2007.0.00263 email"]
[Site "IECG email"]
[Date "2007.03.13"]
[Round "?"]
[White "Souply, Yves"]
[Black "Biro, Mate"]
[Result "1-0"]
[WhiteElo "1629"]
[BlackElo "1400"]
[PlyCount "34"]
[EventDate "2007.03.13"]
[EventType "tourn (corr)"]
[EventRounds "6"]
[SourceTitle "Corr 2008"]
[Source "ChessBase"]
[SourceDate "2008.06.24"]
[SourceVersion "1"]
[SourceVersionDate "2008.06.24"]
[SourceQuality "1"]

1. d4 Nf6 2. c4 e6 3. Nf3 d5 4. Nc3 Bb4 5. cxd5 exd5 6. Bg5 h6 7. Bh4 g5 8. Bg3 Ne4 9. Nd2 Nxc3 10. bxc3 Bxc3 11. Rc1 Ba5 12. e3 h5 13. h3 c6 14. Bd3 Nd7 15. 0-0 h4 16. Bh2 g4 17. hxg4 h3 1-0